000 00439nam a22001817a 4500
003 MPLRDC
005 20220104123851.0
008 210129b ||||| |||| 00| 0 eng d
082 _a192.1 CYA
100 _a陈怡安著
245 _a积极自我的开拓
_c
250 _a二十五版
260 _a
_b财团法人洪建全教育文
_c1986
300 _b
490 _a丰富人生系列
650 _a
942 _cBK
_o192.1 CYA
999 _c14819
_d14809